| 000 | 00563nam a2200193Ia 4500 | ||
|---|---|---|---|
| 003 | IN-BaIIA | ||
| 008 | 211028s9999 xx 000 0 eng d | ||
| 040 | _cIIA Library | ||
| 080 |
_a083.7:389.171 _bISI |
||
| 110 | _aIndian Standards Institution | ||
| 245 | 0 |
_aIndian standard preferred numbers _cIndian Standards Institution |
|
| 260 |
_aNew Delhi _bIndian Standards Institution _c1968 |
||
| 300 | _a29p. | ||
| 500 | _aIS 1076 : 1967 | ||
| 650 |
_a Preferred Numbers-Standards _99284 |
||
| 650 | _a Standards | ||
| 650 | _aNASA Thesaurus | ||
| 942 | _cBK | ||
| 999 |
_c5300 _d5300 |
||